Focus on pharmaceuticals : a report
Wedi'i Gadw mewn:
| Awdur Corfforaethol: | |
|---|---|
| Fformat: | Llyfr |
| Iaith: | Undetermined |
| Cyhoeddwyd: |
London
H.M. Stationery Off.
1972
|
| Pynciau: | |
| Tagiau: |
Ychwanegu Tag
Dim Tagiau, Byddwch y cyntaf i dagio'r cofnod hwn!
|
| Thư viện lưu trữ: | Trung tâm Học liệu Trường Đại học Cần Thơ |
|---|
| LEADER | 00680nam a2200205Ia 4500 | ||
|---|---|---|---|
| 001 | CTU_98885 | ||
| 008 | 210402s9999 xx 000 0 und d | ||
| 082 | |a 338.4 | ||
| 082 | |b E19 | ||
| 110 | |a Economic Development Committee for the Chemical Industry. Pharmaceuticals Working Party. | ||
| 245 | 0 | |a Focus on pharmaceuticals : | |
| 245 | 2 | |b a report | |
| 245 | 0 | |c Economic Development Committee for the Chemical Industry. Pharmaceuticals Working Party. | |
| 260 | |a London | ||
| 260 | |b H.M. Stationery Off. | ||
| 260 | |c 1972 | ||
| 650 | |a Pharmaceutical industry | ||
| 650 | |z Great Britain | ||
| 904 | |i Hiếu | ||
| 980 | |a Trung tâm Học liệu Trường Đại học Cần Thơ | ||